Cyber Law Vol - 8 , (Record no. 59957)

MARC details
000 -LEADER
fixed length control field 00327pam a2200133 a 4500
020 ## - INTERNATIONAL STANDARD BOOK NUMBER
Terms of availability
041 ## - LANGUAGE CODE
Language code of text/sound track or separate title eng
082 ## - DEWEY DECIMAL CLASSIFICATION NUMBER
Classification number 050
Item number JOS
100 ## - MAIN ENTRY--PERSONAL NAME
Personal name Joseph A ,
Relator term Author .
245 ## - TITLE STATEMENT
Title Cyber Law Vol - 8 ,
Medium Bound Volumes
260 ## - PUBLICATION, DISTRIBUTION, ETC.
Place of publication, distribution, etc. [s.l]:
Name of publisher, distributor, etc. The Lctai University Journal of Press ,
Date of publication, distribution, etc. 2009.
300 ## - PHYSICAL DESCRIPTION
Other physical details Hb;
Dimensions 28*20.
930 ## - EQUIVALENCE OR CROSS-REFERENCE-UNIFORM TITLE HEADING [LOCAL, CANADA]
Uniform title 16736
Holdings
Withdrawn status Lost status Damaged status Not for loan Collection Home library Current library Date acquired Source of acquisition Total Checkouts Full call number Barcode Date last seen Copy number Price effective from Koha item type
        EWP College of Engineering for Women, Pune College of Engineering for Women, Pune 08/02/2016 The Lctai University Journal of Press ,   050 JOS EWP-j664 24/02/2023 1 24/02/2023 Book